000 00366nam a2200157Ia 4500
003 Ost
005 20260225132538.0
008 260225s9999||||xx |||||||||||||| ||und||
040 _cfsic
041 _afre
082 _a302.23
100 _aJean michel place
_eAuteur
245 0 _aNégativité et communication /
245 0 _cJean michel place
942 _cكتاب
999 _c33347
_d33347